| 000 | 00400nam a22001337a 4500 | ||
|---|---|---|---|
| 020 | _a9788131727423 | ||
| 040 | _cNUST | ||
| 082 |
_a610.284 _bTEN |
||
| 100 |
_a Temenoff , J.S. & Mikos,A.G. _964207 |
||
| 245 |
_aBiomaterials _bthe intersection of biology and materials science _cJ. S. Temenoff & A.G. Mikos |
||
| 260 |
_aDelhi, _bPearson, _c2009. |
||
| 300 |
_axxiv,478p ; _b25cm. |
||
| 942 |
_2ddc _cBK |
||
| 999 |
_c591599 _d591599 |
||